ابن سينا خالد بآثاره وخصاله للامام الاكبر والفيلسوف الأعظم خليفة ابن سينا

محفوظ في:

المؤلف الرئيسي: عبد الكريم الزنجاني.

التنسيق: كتاب

اللغة: Undetermined

منشور في: Iraq Matbaeat al-gharaa al-najaf 1952

الوسوم: إضافة وسم

لا توجد وسوم, كن أول من يضع وسما على هذه التسجيلة!

رقم الطلب: O10 ZING

LEADER 00538nam a2200145Ia 4500
008 240404s9999||||xx |||||||||||||| ||und||
050 4 |a O10 ZING 
100 1 |a عبد الكريم الزنجاني. 
245 1 0 |a ابن سينا خالد بآثاره وخصاله للامام الاكبر والفيلسوف الأعظم خليفة ابن سينا  |c عبد الكريم الزنجاني 
264 1 |a Iraq  |b Matbaeat al-gharaa al-najaf  |c 1952 
300 |a 24  |c 21 
500 |a Arab Union Catalog 
500 |a Arabic 
942 |2 lcc  |c BK 
999 |c 58084  |d 58084